<?xml version="1.0" encoding="UTF-8"?>
<record
    xmlns:xsi="http://www.w3.org/2001/XMLSchema-instance"
    xsi:schemaLocation="http://www.loc.gov/MARC21/slim http://www.loc.gov/standards/marcxml/schema/MARC21slim.xsd"
    xmlns="http://www.loc.gov/MARC21/slim">

  <leader>01150nam a2200253 a 4500</leader>
  <controlfield tag="001">78878</controlfield>
  <controlfield tag="003">BD-RjUL</controlfield>
  <controlfield tag="005">20211209083202.0</controlfield>
  <controlfield tag="008">211124s2020    bg ||||| |||| 00| 0 ben d</controlfield>
  <datafield tag="020" ind1=" " ind2=" ">
    <subfield code="a">9789848033456</subfield>
    <subfield code="c">: Tk. 300.00</subfield>
  </datafield>
  <datafield tag="035" ind1=" " ind2=" ">
    <subfield code="a">(BD-RjUL)79105</subfield>
  </datafield>
  <datafield tag="040" ind1=" " ind2=" ">
    <subfield code="a">BD-RjUL</subfield>
    <subfield code="b">eng</subfield>
    <subfield code="c">BD-RjUL</subfield>
  </datafield>
  <datafield tag="041" ind1=" " ind2=" ">
    <subfield code="a">ben</subfield>
  </datafield>
  <datafield tag="082" ind1=" " ind2=" ">
    <subfield code="2">23</subfield>
    <subfield code="a">954.9205092 </subfield>
    <subfield code="b">PRA 2020</subfield>
  </datafield>
  <datafield tag="245" ind1="0" ind2="0">
    <subfield code="a">&#x9AC;&#x9BE;&#x982;&#x9B2;&#x9BE;&#x9A6;&#x9C7;&#x9B6;&#x9C7;&#x9B0; &#x9AA;&#x9CD;&#x9B0;&#x9BE;&#x9A3; &#x99C;&#x9BE;&#x9A4;&#x9BF;&#x9B0; &#x9AA;&#x9BF;&#x9A4;&#x9BE; &#x9AC;&#x999;&#x9CD;&#x997;&#x9AC;&#x9A8;&#x9CD;&#x9A7;&#x9C1; &#x9B6;&#x9C7;&#x996; &#x9AE;&#x9C1;&#x99C;&#x9BF;&#x9AC;&#x9C1;&#x9B0; &#x9B0;&#x9B9;&#x9AE;&#x9BE;&#x9A8; / </subfield>
    <subfield code="c">&#x9B8;&#x9AE;&#x9CD;&#x9AA;&#x9BE;&#x9A6;&#x9A8;&#x9BE;&#x9AF;&#x9BC; &#x9B8;&#x9C7;&#x9B2;&#x9BF;&#x9A8;&#x9BE; &#x9B9;&#x9CB;&#x9B8;&#x9C7;&#x9A8;, &#x986;&#x9B8;&#x9B2;&#x9BE;&#x9AE; &#x9B8;&#x9BE;&#x9A8;&#x9C0; </subfield>
  </datafield>
  <datafield tag="250" ind1=" " ind2=" ">
    <subfield code="a">&#x9E8;&#x9AF;&#x9BC; &#x9B8;&#x982;. </subfield>
  </datafield>
  <datafield tag="260" ind1=" " ind2=" ">
    <subfield code="a">&#x9A2;&#x9BE;&#x995;&#x9BE; :</subfield>
    <subfield code="b">&#x9AE;&#x9BF;&#x99C;&#x9BE;&#x9A8; &#x9AA;&#x9BE;&#x9AC;&#x9B2;&#x9BF;&#x9B6;&#x9BE;&#x9B0;&#x9CD;&#x9B8;,</subfield>
    <subfield code="c">&#x9E8;&#x9E6;&#x9E8;&#x9E6;</subfield>
  </datafield>
  <datafield tag="300" ind1=" " ind2=" ">
    <subfield code="a">&#x9E7;&#x9EA;&#x9E9;,[&#x9E7;&#x9EE;] &#x9AA;&#x9C3;.:</subfield>
    <subfield code="b">&#x99A;&#x9BF;&#x9A4;&#x9CD;&#x9B0;&#x9B8;&#x9AE;&#x9C2;&#x9B9;;</subfield>
    <subfield code="c">&#x9E8;&#x9E8; &#x9B8;&#x9C7;&#x9AE;&#x9BF;.</subfield>
  </datafield>
  <datafield tag="600" ind1=" " ind2=" ">
    <subfield code="a">&#x9AE;&#x9C1;&#x99C;&#x9BF;&#x9AC;&#x9C1;&#x9B0; &#x9B0;&#x9B9;&#x9AE;&#x9BE;&#x9A8;, </subfield>
    <subfield code="c">&#x9B6;&#x9C7;&#x996;,</subfield>
    <subfield code="d">&#x9E7;&#x9EF;&#x9E8;&#x9E6;-&#x9E7;&#x9EF;&#x9ED;&#x9EB; </subfield>
    <subfield code="9">250661</subfield>
  </datafield>
  <datafield tag="600" ind1=" " ind2=" ">
    <subfield code="a">Mujibur Rahman, </subfield>
    <subfield code="c">Sheikh</subfield>
    <subfield code="d">1920-1975</subfield>
    <subfield code="9">250662</subfield>
  </datafield>
  <datafield tag="700" ind1=" " ind2=" ">
    <subfield code="a">&#x9B9;&#x9CB;&#x9B8;&#x9C7;&#x9A8;, &#x9B8;&#x9C7;&#x9B2;&#x9BF;&#x9A8;&#x9BE; </subfield>
    <subfield code="9">250663</subfield>
  </datafield>
  <datafield tag="700" ind1=" " ind2=" ">
    <subfield code="a">&#x9B8;&#x9BE;&#x9A8;&#x9C0;, &#x986;&#x9B8;&#x9B2;&#x9BE;&#x9AE;  </subfield>
    <subfield code="9">145093</subfield>
  </datafield>
  <datafield tag="942" ind1=" " ind2=" ">
    <subfield code="2">ddc</subfield>
    <subfield code="c">BK</subfield>
  </datafield>
  <datafield tag="999" ind1=" " ind2=" ">
    <subfield code="c">78878</subfield>
    <subfield code="d">78878</subfield>
  </datafield>
  <datafield tag="952" ind1=" " ind2=" ">
    <subfield code="0">0</subfield>
    <subfield code="1">0</subfield>
    <subfield code="2">ddc</subfield>
    <subfield code="4">0</subfield>
    <subfield code="7">0</subfield>
    <subfield code="8">NFIC</subfield>
    <subfield code="a">RUCL</subfield>
    <subfield code="b">RUCL</subfield>
    <subfield code="c">Stack</subfield>
    <subfield code="d">2021-11-04</subfield>
    <subfield code="e">Rajshahi Vidyasagar </subfield>
    <subfield code="g">225.00</subfield>
    <subfield code="l">0</subfield>
    <subfield code="o">B 954.9205092  PRA 2020</subfield>
    <subfield code="r">2021-11-24 00:00:00</subfield>
    <subfield code="t">C-2</subfield>
    <subfield code="w">2021-11-24</subfield>
    <subfield code="y">BK</subfield>
  </datafield>
  <datafield tag="952" ind1=" " ind2=" ">
    <subfield code="0">0</subfield>
    <subfield code="1">0</subfield>
    <subfield code="2">ddc</subfield>
    <subfield code="4">0</subfield>
    <subfield code="7">1</subfield>
    <subfield code="8">NFIC</subfield>
    <subfield code="a">RUCL</subfield>
    <subfield code="b">RUCL</subfield>
    <subfield code="c">Bangabandhu Corner</subfield>
    <subfield code="d">2021-11-04</subfield>
    <subfield code="e">Rajshahi Vidyasagar </subfield>
    <subfield code="g">225.00</subfield>
    <subfield code="l">0</subfield>
    <subfield code="o">B 954.9205092  PRA 2020</subfield>
    <subfield code="r">2021-11-24 00:00:00</subfield>
    <subfield code="t">C-1</subfield>
    <subfield code="w">2021-11-24</subfield>
    <subfield code="y">BK</subfield>
  </datafield>
</record>
